| 000 | 00625nam a2200217Ii 4500 | ||
|---|---|---|---|
| 001 | 3291 | ||
| 003 | CO-ViMGA | ||
| 008 | 241108s9999||||xx |||||||||||||| ||und|| | ||
| 020 | _a2891053230 | ||
| 040 |
_aCO-ViMGA _bspa _erda _cCO-ViMGA |
||
| 041 | 0 | _aspa | |
| 082 | 0 | 4 | _a658.01 A47a |
| 100 | 1 |
_aOmar Aktouf _950922 |
|
| 245 | 1 | 0 |
_aLa administración: _bentre tradición y renovación |
| 264 | 1 | _aBogotá, Colombia : Impresores, 2001 | |
| 300 | _avolumen | ||
| 336 |
_atext _btxt _2rdacontent |
||
| 337 |
_aunmediated _bn _2rdamedia |
||
| 338 |
_avolume _bnc _2rdacarrier |
||
| 940 | _aidficha_siabuc: 3214. -- ficha_no_siabuc:3291 | ||
| 999 |
_c45621 _d45621 |
||